| 000 | 00317 a2200133 4500 | ||
|---|---|---|---|
| 001 | 12611 | ||
| 082 | _a300.7221 SIL | ||
| 090 |
_c9623 _d9623 |
||
| 100 | _aSilverman,D | ||
| 245 | _aDoing Qualitative Research: A practical Handbook, 2/e | ||
| 250 | _a2 | ||
| 260 |
_aLONDON _bSage _c2005 |
||
| 300 | _axv, 395 p. | ||
| 942 |
_aNUST-CAE _k300.7221 SIL |
||
| 999 |
_c247684 _d247684 |
||